Najpopularniejsze filmy na VHS - Statystyki

Ogólne statystyki
  • Ten quiz został rozwiązany 14 razy
  • Średni wynik to 5 z 21
Statystyki odpowiedzi
Rok Gatunek Film % Poprawnych
1989 Sci-Fi/Przygodowy Gwiezdne wojny: Imperium kontratakuje
58%
1989 Fantastyczny/Superbohater Batman
50%
1981 Sci-Fi/Przygodowy Indiana Jones i poszukiwacze Zaginionej Arki
50%
1994 Animacja/Przygodowy Król lew
42%
1985 Sci-Fi/Przygodowy Powrót do przyszłości
42%
1991 Sci-Fi/Akcja Terminator 2: dzień sądu
42%
1982 Komedia/Fantasy E.T - Kosmita
25%
1990 Komedia/Familijny Kevin sam w domu
25%
1993 Sci-Fi/przygodowy Park Jurajski
25%
1990 Romans/Komedia Pretty Woman
25%
1988 Akcja/Thriller Szklana Pułapka
25%
1986 Akcja/Wojenny Top Gun
25%
1987 Komedia/Akcja Beverly Hills Cop 2
17%
1984 Komedia/Akcja Gliniarz z Beverly Hills
17%
1991 Animacja/Musical Piękna i Bestia
17%
1984 Komedia/Horror Gremliny
8%
1989 Animacja/Familijny Mała Syrenka
8%
1984 Komedia/Fantasy Pogromcy duchów
8%
1987 Sci-Fi/Akcja Robocop
8%
1990 Romans/Fantasy Uwierz w ducha
8%
1985 Przygodowy/Familijny Goonies
0%
Nie znaleziono quizów pasujących do podanych kryteriów
Rozkład punktacji
Procent ludzi z każdym wynikiem
Percentyl według liczby udzielonych odpowiedzi
Twoja historia wyników
Nie rozwiązałeś tego quizu